Saidina Kuala Lumpur [

Bibliographic Details
Format: Book
Published: Puchong : Syarikat Permainan Malaysia , 1992
Subjects:

MARC

LEADER 00000cam a2200000 7i4500
001 0000041492
005 20001125.0
090 0 0 |a 793.73   |b SAI 
245 0 0 |a Saidina Kuala Lumpur [  |h games] 
260 |a Puchong :   |b Syarikat Permainan Malaysia ,   |c 1992 
300 |a 1 board game, 2 dice, 6 token, 10 red hotels,31 blue houses, 30 decision card, 28 mortgage cards and 25 notes for 6 values 
650 0 0 |a Indoor games 
999 |a G000231   |b PERMAINAN BOARD   |c GAMES   |e PERPUSTAKAAN KOMUNITI PETALING JAYA 
999 |a G000232   |b PERMAINAN BOARD   |c GAMES   |e PERPUSTAKAAN KOMUNITI PETALING JAYA 
999 |a G000233   |b PERMAINAN BOARD   |c GAMES   |e PERPUSTAKAAN KOMUNITI PETALING JAYA 
999 |a G000234   |b PERMAINAN BOARD   |c GAMES   |e PERPUSTAKAAN KOMUNITI PETALING JAYA 
999 |a G000235   |b PERMAINAN BOARD   |c GAMES   |e PERPUSTAKAAN KOMUNITI PETALING JAYA 
999 |a G000236   |b PERMAINAN BOARD   |c GAMES   |e PERPUSTAKAAN KOMUNITI PETALING JAYA 
999 |a G000237   |b PERMAINAN BOARD   |c GAMES   |e PERPUSTAKAAN KOMUNITI PETALING JAYA 
999 |a G000238   |b PERMAINAN BOARD   |c GAMES   |e PERPUSTAKAAN KOMUNITI PETALING JAYA 
999 |a G000239   |b PERMAINAN BOARD   |c GAMES   |e PERPUSTAKAAN KOMUNITI PETALING JAYA 
999 |a G000240   |b PERMAINAN BOARD   |c GAMES   |e PERPUSTAKAAN KOMUNITI PETALING JAYA 
999 |a G000241   |b PERMAINAN BOARD   |c GAMES   |e PERPUSTAKAAN KOMUNITI PETALING JAYA 
999 |a G000242   |b PERMAINAN BOARD   |c GAMES   |e PERPUSTAKAAN KOMUNITI PETALING JAYA 
999 |a G000243   |b PERMAINAN BOARD   |c GAMES   |e PERPUSTAKAAN KOMUNITI PETALING JAYA 
999 |a G000244   |b PERMAINAN BOARD   |c GAMES   |e PERPUSTAKAAN KOMUNITI PETALING JAYA 
999 |a G000245   |b PERMAINAN BOARD   |c GAMES   |e PERPUSTAKAAN KOMUNITI PETALING JAYA 
999 |a G000246   |b PERMAINAN BOARD   |c GAMES   |e PERPUSTAKAAN KOMUNITI PETALING JAYA 
999 |a G000247   |b PERMAINAN BOARD   |c GAMES   |e PERPUSTAKAAN KOMUNITI PETALING JAYA 
999 |a G000248   |b PERMAINAN BOARD   |c GAMES   |e PERPUSTAKAAN KOMUNITI PETALING JAYA 
999 |a G000249   |b PERMAINAN BOARD   |c GAMES   |e PERPUSTAKAAN KOMUNITI PETALING JAYA 
999 |a G000250   |b PERMAINAN BOARD   |c GAMES   |e PERPUSTAKAAN KOMUNITI PETALING JAYA